Nimeä merkki/tuote #3 - Statistics

Yleistilastot
  • Tätä visaa on pelattu 84 kertaa
  • Keskiarvotulos 7 / 24
Vastaustilastot
Kuvavisa Vastaus % Oikein
Fiskars
96%
Erikeeper
78%
Lumene
72%
Stabilo
64%
Novita
63%
Garnier
58%
Kiilto
40%
Orthex
36%
Fischer Price
31%
Ajasto
25%
Ice Power
22%
Marjukka
21%
Ravensburger
21%
Canon
17%
Plastex
15%
Scotch
15%
UHU Stic
15%
Emendo
13%
Lautapelit.fi
10%
Maped
10%
Helmi
8%
Jumbo
4%
Satukustannus
4%
Play
3%
Ehtoja vastaavia visoja ei löytynyt
Tulosjakauma
Jokaisen tuloksen saaneiden osuus
Persentiili vastausten määrän mukaan
Tuloshistoriasi
Et ole pelannut tätä visaa